| 000 | 00490nam a2200157Ia 4500 | ||
|---|---|---|---|
| 999 |
_c21086 _d21086 |
||
| 003 | OSt | ||
| 005 | 20200605152810.0 | ||
| 008 | 190216s9999||||xx |||||||||||||| ||und|| | ||
| 040 | _c9788180691591 | ||
| 082 |
_a320.010954 _bMUK/P |
||
| 100 |
_aMukherji,Rabindranath _92562 |
||
| 245 | 0 |
_aPhilosophy In Indian Politics / _cRabindranath Mukherji |
|
| 260 |
_bConcept Pub, _aNew Delhi: _c2005. |
||
| 300 | _a284p | ||
| 942 |
_cBK _2ddc _h320.010954 _iMUK/P _k320.010954 _mMUK/P |
||